LEADER 01083cam0 22002773 450 001 SOB004629 005 20190925165020.0 010 $a8870960242 100 $a20040211d1991 |||||ita|0103 ba 101 $aita 102 $aIT 200 1 $a12 melodie preparatorie al canto drammatico con accompagnamento di pianoforte dedicate a Therese Tietjens$eNapoli - Milano ca. 1864$fSaverio Mercadante 210 $aLucca$cLibreria Musicale Italiana Editrice$d1991 215 $a1 v.$d31 cm 225 2 $aEsercizi di Musica$v7 410 1$1001LAEC00016284$12001 $a*Esercizi di Musica$v7 700 1$aMercadante$b, Saverio$3AF00005728$4070$0162432 801 0$aIT$bUNISOB$c20190925$gRICA 850 $aUNISOB 852 $aUNISOB$j780$m105071 912 $aSOB004629 940 $aM 102 Monografia moderna SBN 941 $aM 957 $a780$b000267$gSi$d105071$racquisto$1cutolo$2UNISOB$3UNISOB$420080108104622.0$520190925165020.0$6bethb 996 $a12 melodie preparatorie al canto drammatico con accompagnamento di pianoforte dedicate a Therese Tietjens$91730494 997 $aUNISOB